UBT Library

Pro/con / (Record no. 42686)

000 -LEADER
fixed length control field 01820cam a22005534a 4500
001 - CONTROL NUMBER
control field 12518654
005 - DATE AND TIME OF LATEST TRANSACTION
control field 20180215085417.0
008 - FIXED-LENGTH DATA ELEMENTS--GENERAL INFORMATION
fixed length control field 010829m20029999ctua d b 001 0 eng
010 ## - LIBRARY OF CONGRESS CONTROL NUMBER
LC control number 2001053234
020 ## - INTERNATIONAL STANDARD BOOK NUMBER
International Standard Book Number 0717256383 (set : v. 16)
020 ## - INTERNATIONAL STANDARD BOOK NUMBER
International Standard Book Number 0717256391 (v. 1)
020 ## - INTERNATIONAL STANDARD BOOK NUMBER
International Standard Book Number 0717256405 (v. 2)
020 ## - INTERNATIONAL STANDARD BOOK NUMBER
International Standard Book Number 0717256413 (v. 3)
020 ## - INTERNATIONAL STANDARD BOOK NUMBER
International Standard Book Number 0717256421 (v. 4)
020 ## - INTERNATIONAL STANDARD BOOK NUMBER
International Standard Book Number 071725643X (v. 5)
020 ## - INTERNATIONAL STANDARD BOOK NUMBER
International Standard Book Number 0717256448 (v. 6)
020 ## - INTERNATIONAL STANDARD BOOK NUMBER
International Standard Book Number 0717257533 (set : v. 712)
020 ## - INTERNATIONAL STANDARD BOOK NUMBER
International Standard Book Number 0717257541 (v. 7)
020 ## - INTERNATIONAL STANDARD BOOK NUMBER
International Standard Book Number 071725755X (v. 8)
020 ## - INTERNATIONAL STANDARD BOOK NUMBER
International Standard Book Number 0717257568 (v. 9)
020 ## - INTERNATIONAL STANDARD BOOK NUMBER
International Standard Book Number 0717257576 (v. 10)
020 ## - INTERNATIONAL STANDARD BOOK NUMBER
International Standard Book Number 0717257584 (v. 11)
020 ## - INTERNATIONAL STANDARD BOOK NUMBER
International Standard Book Number 0717257592 (v. 12)
020 ## - INTERNATIONAL STANDARD BOOK NUMBER
International Standard Book Number 0717259277 (set : v. 1318)
020 ## - INTERNATIONAL STANDARD BOOK NUMBER
International Standard Book Number 0717259307 (v. 13)
020 ## - INTERNATIONAL STANDARD BOOK NUMBER
International Standard Book Number 0717259293 (v. 14)
020 ## - INTERNATIONAL STANDARD BOOK NUMBER
International Standard Book Number 0717259315 (v. 15)
020 ## - INTERNATIONAL STANDARD BOOK NUMBER
International Standard Book Number 0717259285 (v. 16)
020 ## - INTERNATIONAL STANDARD BOOK NUMBER
International Standard Book Number 0717259323 (v. 17)
020 ## - INTERNATIONAL STANDARD BOOK NUMBER
International Standard Book Number 0717259331 (v. 18)
020 ## - INTERNATIONAL STANDARD BOOK NUMBER
International Standard Book Number 071725951X (v. 19)
020 ## - INTERNATIONAL STANDARD BOOK NUMBER
International Standard Book Number 0717259528 (v. 20)
020 ## - INTERNATIONAL STANDARD BOOK NUMBER
International Standard Book Number 0717259544 (v. 21)
020 ## - INTERNATIONAL STANDARD BOOK NUMBER
International Standard Book Number 0717259532 (v. 22)
020 ## - INTERNATIONAL STANDARD BOOK NUMBER
International Standard Book Number 0717259552 (v. 23)
020 ## - INTERNATIONAL STANDARD BOOK NUMBER
International Standard Book Number 0717259560 (v. 24)
040 ## - CATALOGING SOURCE
Original cataloging agency DLC
Transcribing agency DLC
Modifying agency DLC
041 ## - LANGUAGE CODE
Language code of text/sound track or separate title eng
042 ## - AUTHENTICATION CODE
Authentication code pcc
-- lcac
080 ## - UNIVERSAL DECIMAL CLASSIFICATION NUMBER
Universal Decimal Classification number 361.1 PLO
082 00 - DEWEY DECIMAL CLASSIFICATION NUMBER
Classification number 361.1 PLO
Edition number 21
100 ## - Rafti
Rafti 50
101 ## - Shkurtesa
Shkurtesa SOC
245 00 - TITLE STATEMENT
Title Pro/con /
Statement of responsibility, etc [editors, Sally McFall ... et al.].
504 ## - BIBLIOGRAPHY, ETC. NOTE
Bibliography, etc Includes bibliographical references and indexes.
906 ## - LOCAL DATA ELEMENT F, LDF (RLIN)
a 7
b cbc
c orignew
d 1
e ocip
f 20
g y-gencatlg
942 ## - ADDED ENTRY ELEMENTS (KOHA)
Source of classification or shelving scheme
Item type Books
Holdings
Withdrawn status Lost status Source of classification or shelving scheme Damaged status Not for loan Collection code Permanent location Current location Shelving location Date acquired Total Checkouts Full call number Barcode Date last seen Price effective from Koha item type
          Koleksioni i përgjithshem UBT - Lipjan UBT - Lipjan Koleksioni i përgjithshem 02/15/2018   361.1 PLO 002-2998495 02/15/2018 02/15/2018 Books
UBT Library © 2015-2024. All rights reserved University Education for Business and Technology